000 00564nam a2200181Ia 4500
008 090711s9999 xx 000 0 und d
082 _b651
100 _aशिवानी
245 _aएक होती रामरती
260 _bप्रतिमा प्रकाशन
_c2000
300 _a184
600 _aशिवानी
630 _aएक होती रामरती
700 _aशिवानी
700 _aउर्ध्वरेषे बाळ
730 _aएक होती रामरती
942 _cBOOK
999 _c337645
_d337645